000 00263nam a2200109Ia 4500
008 190906s9999||||xx |||||||||||||| ||und||
100 _aAbdul Maalik Mujahid
245 0 _aSunharay Faisilay
260 _aIslamabad
_bDawah Academy
_c308
300 _a2010
942 _cBK
999 _c6158
_d6158